NLSUI OPAC header image

Wives, Widows and Concubines : The Conjugal family ideal in Colonial India (Record no. 120725)

MARC details
000 -LEADER
fixed length control field 00323nam a2200109Ia 4500
100 ## - MAIN ENTRY--PERSONAL NAME
Personal name Sreenivas, Mytheli
245 #0 - TITLE STATEMENT
Title Wives, Widows and Concubines : The Conjugal family ideal in Colonial India
264 ## - PRODUCTION, PUBLICATION, DISTRIBUTION, MANUFACTURE, AND COPYRIGHT NOTICE
Name of producer, publisher, distributor, manufacturer Orient Blackswan
Date of production, publication, distribution, manufacture, or copyright notice 2009
300 ## - PHYSICAL DESCRIPTION
Extent 169
942 ## - ADDED ENTRY ELEMENTS (KOHA)
Koha item type CSSEIP Office Library Collection
Holdings
Withdrawn status Lost status Damaged status Not for loan Home library Current library Shelving location Date acquired Total Checkouts Barcode Date last seen Price effective from Koha item type
      Not For Loan . . CSSEIP Office Library - Gandhian Studies 23.06.2020   G0076 23.06.2020 23.06.2020 CSSEIP Office Library Collection